000 01049cam a22003134a 4500
999 _c512
_d512
001 16394805
003 GZU
005 20200902152012.0
008 100811s2011 enka b 001 0 eng
010 _a 2010034417
020 _a9780415551182 (hardback : alk. paper)
020 _a9780415551199 (pbk. : alk. paper)
020 _a9780203830871 (ebook)
040 _aDLC
_cDLC
_dDLC
050 0 0 _aCC76
_b DRE 2011
082 0 0 _a930.1028
_222
100 1 _aDrewett, Peter.
245 1 0 _aField archaeology :
_ban introduction /
_cPeter L. Drewett.
250 _a2nd ed.
260 _aAbingdon, Oxon ;
_aNew York :
_bRoutledge,
_c2011.
300 _axii, 182 p. :
_bill. ;
_c25 cm.
504 _aIncludes bibliographical references and index.
650 0 _aArchaeology
_xFieldwork.
650 0 _aExcavations (Archaeology)
650 0 _aArchaeology
_xMethodology.
906 _a7
_bcbc
_corignew
_d1
_eecip
_f20
_gy-gencatlg
942 _2lcc
_cBK
_h76
_iDRE
_kCC